| 000 | 01019nam a22001937a 4500 | ||
|---|---|---|---|
| 999 |
_c62632 _d62632 |
||
| 003 | Ge_BSU | ||
| 005 | 20241224110026.0 | ||
| 008 | 241224s1960 ge ||||| |||| 00| 0 geo d | ||
| 041 | _ageo | ||
| 080 | _a611.81 ზ -97 | ||
| 100 |
_aზურაბაშვილი, ავლიპე _924024 |
||
| 245 |
_aნარკვევები ცენტრალური ნერვული სისტემის ნატიფი მორფოლოგიის შესახებ / _cა. ზურაბაშვილი; საქ. სსრ მეცნ. აკადემია. |
||
| 264 |
_aთბ. : _bსაქ. სსრ მეცნ. აკად. გამ-ბა და სტ., _c1960. |
||
| 300 |
_a355 გვ. : _bილ. ; _c23 სმ. |
||
| 504 | _aბიბლიოგრ: გვ.267-303. | ||
| 653 | _aცენტრალური ნერვული სისტემის მორფოლოგია | ||
| 653 | _aმედიცინა | ||
| 942 |
_2udc _cᲬᲘᲒᲜᲘ |
||